| 000 | 00552nam a2200193Ia 4500 | ||
|---|---|---|---|
| 001 | 5733 | ||
| 003 | GE_BSU | ||
| 008 | 181216s||||||||xx |||||||||||||| ||und|| | ||
| 040 | _cGE_BSU | ||
| 080 | _a511(06.1) | ||
| 100 | _aГрибанов В.У., Титов П.И. | ||
| 245 | _aСборник упражнений по теории чисел | ||
| 260 | _aМосква | ||
| 260 | _bПросвещение | ||
| 260 | _c1964 | ||
| 300 | _a143с. 20см | ||
| 653 | _aСборник упражнений по теории чисел | ||
| 942 | _cBK | ||
| 999 |
_c39150 _d39150 |
||